000 00332nam a22001337a 4500
008 180207b xxu||||| |||| 00| 0 eng d
020 _a9781574392234
041 _aeng
080 _24th
_a615
100 _a5
101 _aFAR
245 _aNonprescription drug therapy: guiding patient self-care
_cCovington,T.R
942 _2udc
_cBK
999 _c42030
_d42030